[Event "Metz op 30th"]
[Site "Metz"]
[Date "2012.04.23"]
[Round "4"]
[White "Vorobiov, Evgeny E"]
[Black "Koziak, Vitali"]
[Result "1/2-1/2"]
[WhiteElo "2580"]
[BlackElo "2511"]
[Annotator "Metz Alekhine/Primel,D"]
[PlyCount "45"]
[EventDate "2012.04.14"]
[EventType "swiss"]
[EventRounds "9"]
[EventCountry "FRA"]
[SourceTitle "EXT 2013"]
[Source "ChessBase"]
[SourceDate "2012.11.22"]
[SourceVersion "1"]
[SourceVersionDate "2012.11.22"]
[SourceQuality "1"]

1. d4 f5 2. Nf3 d6 3. Nc3 {[%cal Ge2e4]} Nf6 4. Bg5 g6 (4... e6 5. e4 fxe4 6.
Nxe4 Be7 7. Bxf6 gxf6 8. Bd3 d5 9. Ng3 Qd6 10. O-O Nc6 11. Nh4 Bd7 12. Qh5+ Kd8
13. c3 f5 14. Rfe1 Bf6 15. Nf3 Qf8 16. Ng5 Bxg5 17. Qxg5+ Ne7 18. Nh5 Rg8 19.
Qf6 Qxf6 20. Nxf6 Rh8 21. Re3 h5 22. Rg3 Rh6 23. Ng8 Rg6 24. Nxe7 Rxg3 25. hxg3
Kxe7 26. f4 Rh8 27. Be2 h4 28. gxh4 Rxh4 29. g3 Rh8 30. Kg2 a5 31. Rh1 Rxh1 32.
Kxh1 b6 33. Kg2 c5 34. Kh3 {Andreikin,D (2718)-Nepomniachtchi,I (2704) Moscow
2012 1/2-1/2}) 5. Bxf6 exf6 6. d5 Nd7 7. g3 $146 (7. Nd4 {[%csl Ge6]} Ne5 8. e3
h5 9. Bb5+ Kf7 10. h3 a6 11. Be2 Kg7 12. f4 Nf7 13. Qd3 h4 14. O-O-O Be7 15. g4
hxg3 16. Rdg1 Qd7 17. Rxg3 c5 18. Ne6+ Kh7 19. Bh5 Rg8 20. Bxg6+ Rxg6 21. Qxf5
Nh8 22. Rxg6 Nxg6 23. Qh5+ {1-0 (23) Seel,C (2477)-Buscher,M (2305) playchess.
com INT 2005}) (7. h4 $5) 7... Ne5 8. Bg2 Qe7 9. e3 Bd7 10. Ne2 $1 {[%csl Gf4]
[%cal Ge2d4,Gf3d4]} O-O-O 11. Nfd4 $14 g5 12. c3 {[%csl Rf5][%cal Gd1c2]} Bh6 (
12... h5 13. Qc2 (13. O-O h4 $132) 13... h4 14. Nxf5) 13. O-O (13. h4 $5 {
[%cal Gh4g5,Gh1h6]}) 13... Rdg8 14. Qc2 (14. Ne6 Bxe6 15. dxe6 Qxe6 16. Bd5)
14... f4 $132 15. Nf5 Bxf5 16. Qxf5+ Kb8 17. exf4 gxf4 18. Nxf4 Bxf4 19. Qxf4
h5 20. Bh3 h4 21. Bf5 Rg5 22. Rae1 Qf7 23. h3 {La partie commençait а mal
tourner pour les Blancs qui proposent nulle} 1/2-1/2

[Event "FIDE World Cup-D (Women) playoff"]
[Site "Shenyang"]
[Date "2000.09.05"]
[Round "1.2"]
[White "Zhukova, Natalia"]
[Black "Hoang, Thanh Trang"]
[Result "0-1"]
[WhiteElo "2450"]
[BlackElo "2489"]
[Annotator "Meulders,R"]
[PlyCount "64"]
[EventDate "2000.09.05"]
[EventType "match"]
[EventRounds "2"]
[EventCountry "CHN"]
[SourceTitle "CBM 079"]
[Source "ChessBase"]
[SourceDate "2000.11.21"]
[SourceVersion "1"]
[SourceVersionDate "2000.11.21"]
[SourceQuality "1"]

1. d4 f5 2. Nc3 {[%cal Ge2e4]} d5 {[%csl Re5]} 3. Bf4 {[%cal Gf4c7] Eine
andere Art um als Weisser (oder Weisse) mit wenige Holländische
Eröffnungskenntnisse durchs Leben zu gehen.} Nf6 4. e3 c6 (4... Nc6 $2 5. Nb5
$18) 5. Bd3 g6 6. h4 {[%csl Re5,Rg5]} Bg7 (6... Be6 7. Nf3 Bg7 8. h5 Nbd7 9.
Ng5 Bg8 10. h6 Bf8 11. Qd2 e6 12. O-O-O Qe7 13. f3 e5 14. dxe5 Nxe5 15. Be2
Ned7 16. e4 fxe4 17. fxe4 O-O-O 18. exd5 $16 Bxd5 19. Nxd5 Nxd5 20. Bg4 Qf6 21.
Ne6 Ba3 22. Qd4 Qe7 23. bxa3 Qxa3+ 24. Qb2 Qa4 25. Rd4 {1-0 Sakaev,K-Kobalija,
M/St Petersburg 1994/CBM 43 ext (25)}) (6... h6 7. Nf3 Be6 8. Ne5 Rg8 9. Qd2 (
9. f3 Nbd7 10. g4 Nxe5 11. dxe5 Nd7 12. h5 Bg7 13. hxg6 fxg4 14. Rh5 Qb6 15.
Qd2 gxf3 16. Bf5 Bxf5 17. Rxf5 f2+ $19 {0-1 Almasi,I-Hoang Than Trang/Budapest
1997/CBM 62 ext (29)}) 9... Nbd7 10. O-O-O Nxe5 11. Bxe5 Nd7 12. Bg3 Bg7 13.
Kb1 a6 14. f3 Qb6 15. Rhe1 O-O-O 16. Rc1 c5 17. Na4 $16 {1-0 Paunovic,
D-Vallejo Pons,F/Mondariz 1997/EXT 99 (34)}) 7. h5 Ne4 8. hxg6 hxg6 9. Rxh8+
Bxh8 10. Qf3 Nd7 (10... Be6 11. Qh3 Kd7 12. Nf3 Bf6 13. Qh6 Qb6 14. O-O-O Nxf2
$4 (14... Nxc3 15. bxc3 Na6 16. Qxg6 Rg8 $13) 15. Na4 $1 {1-0 Kaspi,A-Tolstikh,
N/Moscow 1991/TD (15)}) 11. Qh3 Bf6 12. Nge2 Nf8 {Auf den schwarzen Feldern
ist die schwarze Lage sehr geschwächt aber die Bauernstruktur ist sehr solide
und daher nicht so leicht nieder zu reissen.} 13. f3 $14 Be6 $5 {Mit der B auf
d3 ein bekannter Witz im Holländisch: falls Weiss den N nimmt, geht den
eigenen B auch verloren.} 14. Qh2 Nxc3 15. Nxc3 Qa5 $6 (15... b5 16. Bc7 Qd7
17. O-O-O Rc8 18. Be5 a5 19. Bxf6 exf6 20. Qh8 Qf7 $14) 16. Bc7 b6 {[%cal
Gc7a5,Gd3a6] Jezt ist für die Dame der Rückweg abgeschnitten.} 17. O-O-O c5 {
Aktiv, konzequent, riskant und wahrscheinlich auch erzwungen.} (17... Qb4 18.
a3 Qa5 19. Kb1 {und die schwarze Dame wohnt auf eine Insel.}) 18. Bb5+ Kf7 19.
Bc6 $16 {Wie Motte in einen schmecklichen wollen Mantel haben die beiden
Läufer sich in die schwarze Stellung hineingefressen.} Rc8 {Es gibt kein
anderes Feld.} 20. Kb1 $6 (20. Bb7 $1 Re8 21. Be5 $16) 20... Qa6 $1 {He,he,
ein bischen Luft!} 21. Bxd5 $4 {Weiss hat a2 gedeckt und glaubt es sei jetzt
erlaubt die Kleinigkeit auf d5 verspeisen zu können. Sie hat dabei aber auch
eine Kleinigkkeit übersehen.} (21. Nb5 $2 cxd4 22. exd4 Bd7 $1 23. Bxd7 $1 (23.
Bxd5+ $2 Be6 $1 24. Bxe6+ Nxe6 $19) 23... Nxd7 24. Nc3 Qc4 $11) (21. Bb5 Qb7
22. Be5 a6 23. Be2 Bxe5 24. Qxe5 Nd7 25. Qh2 Nf6 26. Rh1 b5 27. Qe5 Qc7 28. f4
cxd4 29. Qxd4 Qc5 $11) 21... cxd4 22. e4 ({Zweifellos hat Weiss nur an dieser
Stelle gesehen dass} 22. exd4 $4 {noch grausamer verlieren würde:} Bxd5 23.
Nxd5 Qc4 $1 {[%csl Rc2,Rc7,Rd5][%cal Gc8c2] Die schreckliche Pointe.} 24. Nxf6
exf6 25. g4 Qxc7 $19) (22. Bxe6+ Nxe6 23. Nd5 Qc4 24. e4 Nxc7 25. Qh7+ Kf8 26.
Nxf6 Nb5 27. Rc1 (27. Qg8+ Qxg8 28. Nxg8 Kxg8 29. a4 Nd6 30. Rxd4 Rc4 $19)
27... exf6 28. Qxg6 Rc6 $19) 22... dxc3 23. Bxe6+ Nxe6 24. exf5 Nxc7 25. Qh7+
Bg7 26. fxg6+ Kf8 27. Qh3 Ne8 28. Re1 Qc4 $1 ({Bis am Ende muss man aufpassen:
} 28... Qb5 29. b3 Qc5 $4 {/\Qa3} 30. Qe6 $1 Nd6 31. Qxe7+ Kg8 32. Qe6+ Kf8 33.
Qe7+ $11) 29. b3 Qc6 30. Qf5+ Nf6 31. g4 Rd8 32. g5 Qd5 $1 {[%cal Gd5f5,Gd5d1]}
0-1

[Event "EU-Cup 32nd"]
[Site "Novi Sad"]
[Date "2016.11.07"]
[Round "2.2"]
[White "Swinkels, Robin"]
[Black "Navara, David"]
[Result "0-1"]
[WhiteElo "2480"]
[BlackElo "2725"]
[Annotator "Meulders,R"]
[PlyCount "88"]
[EventDate "2016.11.06"]
[EventType "team-swiss"]
[EventRounds "7"]
[EventCountry "SRB"]
[SourceTitle "CBM 176"]
[Source "ChessBase"]
[SourceDate "2017.01.17"]
[SourceVersion "1"]
[SourceVersionDate "2017.01.17"]
[SourceQuality "1"]
[WhiteTeam "Eynatten KSK47"]
[BlackTeam "Novy Bor"]
[WhiteTeamCountry "BEL"]
[BlackTeamCountry "CZE"]

1. d4 f5 2. Nc3 d5 3. Bf4 (3. f3 {is the only way to try and continue the
original idea of pushing the e-pawn to e4.}) 3... Nf6 4. e3 e6 5. Nf3 a6 6. Be2
$6 {Too passive} (6. Bd3 c5 7. dxc5 Bxc5 8. O-O Nc6 9. Ne2 O-O 10. c4 Nb4 11.
Nc3 Nxd3 12. Qxd3 dxc4 13. Qxc4 Qe7 14. Rac1 Bd7 15. Ne5 b5 16. Qb3 Rfc8 17.
Nxd7 Qxd7 18. Rfd1 Qf7 19. a4 b4 20. Ne2 a5 21. h3 h6 22. Be5 $6 (22. Qd3 $1
$14 {Intending to switch the queen over to b5 or to d7 if Black moves the
knight. Another idea is to play the knight to d4 and even the immediate 22.Nd4
is possible. It damages White's pawn structure, but the powerful bishop
compensates for this.}) (22. Nd4 $5 Bxd4 23. exd4 $5 (23. Rxc8+ Rxc8 24. Rxd4
Rc1+ 25. Rd1 Rc5 $11) 23... Nd5 24. Be5 Qf8 25. Qd3 Qe8 26. Qg3 Ra7 27. Qb3
Rxc1 (27... Qf8 28. Rc5 $1 $16) 28. Rxc1 Nb6 29. Qf3 Kh7 (29... Nxa4 $2 30. Rc6
Nxb2 31. d5 $16) 30. b3 $14) 22... Nd7 $11 {0-1 (49) Gelfand,B (2761)-Nakamura,
H (2776) Zuerich 2014}) ({Relevant:} 6. Bd3 c5 7. O-O Nc6 8. Ne5 Bd6 9. Nxc6
bxc6 10. Bxd6 Qxd6 11. Na4 Nd7 12. c4 O-O 13. Rc1 cxd4 14. exd4 e5 15. dxe5
Nxe5 16. f4 Nxd3 17. Qxd3 Qb4 18. b3 Be6 19. c5 d4 20. Rfe1 Rae8 21. Re5 Bd5
22. Nb6 Rxe5 23. fxe5 Qa3 24. Qd2 Be6 25. Rc2 Rd8 26. h3 $2 (26. Qg5 $11) 26...
h6 $15 {0-1 (35)}) 6... c5 7. O-O b5 8. Ne5 Nbd7 9. Nb1 $2 {Again too passive.
This passivity runs like a red thread through White's play, intimidated by the
big difference in elo.} (9. Bh5+ g6 10. Be2 Bb7 11. a4 b4 12. Nb1 Nxe5 13. Bxe5
Bd6 14. c3 bxc3 15. Nxc3 $11) (9. h3 Nxe5 10. Bxe5 Be7 11. g4 $6 (11. Bh5+ g6
12. Bf3 $11) 11... O-O 12. f3 Nd7 $15) 9... Nxe5 10. Bxe5 Bd6 11. Bxd6 (11. a4
b4 12. Bxd6 Qxd6 13. dxc5 Qxc5 14. Nd2 O-O 15. Nf3 a5 16. Qd4 Qxc2 17. Bb5 Qc7
18. Rfc1 Qb8 19. Rc2 Ba6 20. Bxa6 Rxa6 21. Rac1 {with compensation for the
pawn.}) 11... Qxd6 12. c3 (12. a4) 12... O-O 13. Nd2 c4 14. a3 Bd7 {Black is
fully developed, enjoys more space and though on the face of it the position
looks balanced, it's clear Black will gradually take the initiative and punish
White for his passivity.} 15. Qc2 a5 16. Nf3 Rfc8 17. Ne5 Be8 18. Rfb1 Nd7 19.
Nxd7 Bxd7 20. Qd2 b4 $1 21. axb4 axb4 22. Rxa8 (22. cxb4 Rab8 23. Ra7 Be8 $15)
22... Rxa8 23. b3 $2 {As so often in this kind of situation and probably with
time trouble setting in, all of a sudden White who has hitherto been
completely passive, opts for activity at the wrong moment. Psychologically
this is very understandable, because nobody likes the perception of being
strangled. But here it was imperative to sit still and do absolutely nothing
and let Black engage in lengthy manoeuvring. The text move opens the position
at precisely the wrong moment for White.} ({After} 23. g3 Qb6 24. Qc1 Ra2 25.
Kg2 Be8 26. Ra1 b3 27. f4 Qa6 28. Rb1 Bc6 $15 {Black is better but winning
this would prove a very laborious undertaking.}) 23... bxc3 $17 24. Qxc3 Rb8
25. Bd1 (25. b4 Ba4 26. g3 Bb3 $17) 25... Ba4 26. g3 Bxb3 27. Bxb3 Qa3 $1 28.
Kf1 Rxb3 29. Rxb3 Qxb3 30. Qa5 {With the white king outside of the square, of
course White can't exchange queens.} h6 $19 {The game is completely over. The
rest is mopping up.} 31. Qa6 Qb1+ 32. Ke2 Qd3+ 33. Ke1 Kh7 34. h4 Qb1+ 35. Ke2
Qc2+ 36. Ke1 c3 37. Qxe6 Qd2+ 38. Kf1 Qd3+ 39. Kg1 c2 40. Qc8 Qc4 41. Qxf5+ Kg8
42. Qe6+ Kf8 43. Qd6+ Ke8 44. Qb8+ Kf7 0-1

[Event "Capablanca Memorial Premier 49th"]
[Site "Havana"]
[Date "2014.05.16"]
[Round "8"]
[White "Sambuev, Bator"]
[Black "Dvirnyy, Danyyil"]
[Result "1/2-1/2"]
[WhiteElo "2562"]
[BlackElo "2560"]
[Annotator "Meulders,R"]
[PlyCount "99"]
[EventDate "2014.05.08"]
[EventType "tourn"]
[EventRounds "9"]
[EventCountry "CUB"]
[EventCategory "13"]
[SourceTitle "CBM 161"]
[Source "ChessBase"]
[SourceDate "2014.07.16"]
[SourceVersion "1"]
[SourceVersionDate "2014.07.16"]
[SourceQuality "1"]

1. d4 e6 2. Nf3 f5 3. h3 {A very rare move intended to avoid the main lines,
which can also be played on move 2. Of course the intention is to continue
with g4, but 2.h3 is somewhat more solid than the immediate 2.g4, when the
most principled move for Black is to take the gambit.} Nf6 4. g4 Be7 (4... d5 {
looks best: Black blocks the centre, even at the price of giving up the
e5-square.} 5. Rg1 c5 6. gxf5 exf5 7. Be3 c4 8. Bf4 Nc6 9. c3 Be6 10. Qc2 g6
11. Nbd2 Bd6 12. Be5 $2 (12. Ne5 $11) 12... Bxe5 13. dxe5 Ne4 14. Nd4 Bd7 15.
Nxe4 $2 (15. N2f3 $15) 15... fxe4 16. Qd2 Nxe5 17. Qf4 Nf7 18. h4 Qe7 19. O-O-O
$6 (19. h5 {is consistent}) 19... Rf8 20. Nc2 Be6 21. Qe3 $2 (21. h5 $1) 21...
Qxh4 $17 22. f4 Nd8 {0-1 (40) Bukal,V (2405)-Glek,I (2590) Porto San Giorgio
2002}) ({To my knowledge} 4... fxg4 5. hxg4 Nxg4 $2 {has never been seen in
serious practice. For instance:} 6. Qd3 Nf6 7. Bg5 Nc6 (7... g6 $2 8. Ne5 {
and Black's position is already critical.}) 8. a3 Qe7 9. Nc3 Qf7 10. O-O-O d5
11. e4 Be7 12. Bxf6 Bxf6 13. exd5 exd5 14. Rxh7 Rxh7 15. Qxh7 Be6 16. Re1 Kf8 (
16... O-O-O $4 17. Rxe6 Qxe6 18. Bh3 $18) 17. Qh8+ Qg8 18. Qh2 Qf7 19. Nb5 Rc8
20. Bh3 Bxh3 21. Qxh3 Rd8 22. c3 $14) 5. gxf5 exf5 6. Rg1 O-O 7. Bh6 Ne8 8. e3
Kh8 9. Bf4 Nf6 10. Bd3 d6 ({Again} 10... d5 {is more logical.}) 11. Nc3 Nc6 12.
a3 Be6 13. Ng5 Qd7 {I don't like this move: if possible, Black should keep the
bishop pair.} (13... Bg8 14. Bxf5 Nd5 15. Nxh7 Rxf5 16. Qg4 Rf7 17. Ng5 Bxg5
18. Bxg5 Nf6 19. Qh4+ Bh7 20. Nd5 Qf8 21. Bxf6 gxf6 22. Nf4 Ne7 23. O-O-O Qe8
$11) 14. Qf3 (14. Nxe6 $5 Qxe6 15. Qe2 Rac8 16. O-O-O d5 17. Qf3 $14) 14... Bg8
15. O-O-O d5 16. Qg2 $1 {Intending Nxh7. From now the moves revolve around the
weakness of g7, and the permanent threat for Black of being mated there.} Bd6
17. Ne2 Nh5 18. Bxd6 Qxd6 (18... cxd6 {allowing a doubled isolated pawn
doesn't seem very attractive, but at least it controls some central squares.})
19. Nxh7 $1 {Made possible by the mating threat created by 16.Qg2.} Bxh7 20.
Nf4 Nxd4 $5 {A resourceful way of meeting the mating threat, but White's
advantage remains.} 21. Nxh5 Ne6 22. Nf4 Rf7 23. Nxd5 $16 {Black has defended
well, but he has dropped a pawn giving White a nice clear advantage.} c6 24.
Nc3 Qe5 25. Bc4 Re7 26. Bxe6 $6 {White might have hung on to the bishop. In an
endgame, if any, his remaining knight will normally be superior to Black's bad
bishop, but we're not in the endgame yet.} (26. Ne2 $18) 26... Qxe6 27. Qg5 f4
$6 (27... Rae8 {is a bit better, because the attempt to get some counterplay
by giving up a second pawn should have led to defeat.}) 28. Qxf4 $18 Rf7 29.
Qh4 Raf8 30. Rg2 b5 31. Rd8 $1 {Exchanges are of course in White's favour.} a5
32. Qd4 (32. Rxf8+ Rxf8 33. Qg5 Qd7 34. Ne2 b4 35. axb4 axb4 36. b3 Rf6 37. Qe5
$18) 32... Qe7 33. Rxf8+ Rxf8 34. Ne2 $4 {A terrible move, which throws away
the advantage. White should have secured the position of his queen by taking
control of the black squares.} (34. b4 $1 Rf6 35. f4 $1 axb4 36. axb4 Rd6 37.
Qc5 $18) 34... c5 $1 {Suddenly the white queen has no good squares. Because of
the somewhat exposed position of the white king, Black has a tactical
counterstrike.} 35. Qg4 Rxf2 $1 36. Rxf2 Qxe3+ 37. Kd1 Qxf2 {Material
equilibrium has been restored and the unsafe position of the white king makes
all future winning attempts impossible. As is often the case in positions
where one has held a considerable advantage, White soldiers on for a little
more before accepting the inevitable outcome of a draw.} 38. Qc8+ Bg8 39. Qe8
Qf1+ 40. Kd2 Qxh3 41. Qxb5 Qh6+ 42. Ke1 Qh4+ 43. Kd2 Qh6+ 44. Kc3 Qf6+ 45. Kd3
Qg6+ 46. Ke3 Qg5+ 47. Kf2 Qh4+ 48. Ke3 Qg5+ 49. Kf2 Qh4+ 50. Ke3 1/2-1/2

[Event "EU-chT (Men) 20th"]
[Site "Reykjavik"]
[Date "2015.11.20"]
[Round "7.2"]
[White "Rapport, Richard"]
[Black "Anton Guijarro, David"]
[Result "1-0"]
[WhiteElo "2693"]
[BlackElo "2630"]
[Annotator "Meulders,R"]
[PlyCount "71"]
[EventDate "2015.11.13"]
[EventType "team-swiss"]
[EventRounds "9"]
[EventCountry "ISL"]
[SourceTitle "CBM 170"]
[Source "ChessBase"]
[SourceDate "2016.01.15"]
[SourceVersion "1"]
[SourceVersionDate "2016.01.15"]
[SourceQuality "1"]
[WhiteTeam "Hungary"]
[BlackTeam "Spain"]
[WhiteTeamCountry "HUN"]
[BlackTeamCountry "ESP"]
[WhiteClock "0:21:25"]
[BlackClock "0:00:43"]

1. d4 f5 2. Bf4 {OK, let's do our own thinking, away from heavily analysed
theoretical lines...} Nf6 3. e3 e6 4. Be2 Be7 5. h3 O-O 6. Nf3 Ne4 7. Nfd2 d5 {
It looks as if Black already has a decent Stonewall here.} 8. Nxe4 $6 (8. c4)
8... fxe4 9. c4 Bg5 $6 (9... Nd7 10. O-O Nf6) (9... Bd6 10. Bxd6 Qxd6 11. Nc3
c6 $11) 10. Bh2 $1 Nd7 11. Nc3 c6 12. O-O Rf7 13. Qc2 Nf8 14. b4 {Black's
timid setup has given White the initiative.} Ng6 15. Bh5 Rf6 16. b5 Nh4 17. Be5
Rh6 18. Bg4 $16 {White has a spatial and a development advantage. As so often
in Stonewall setups, Black's problem is the Bc8.} Rg6 19. Rab1 Bf6 20. Bg3 $1 {
White avoids exchanges, which would only free Black's cramped position.} Nf5
21. Bxf5 (21. Bh2 $5) 21... exf5 22. bxc6 bxc6 23. cxd5 f4 $6 {At least this
frees the Bc8 but Black's position is already critical.} (23... cxd5 24. Rb5)
24. Bxf4 cxd5 25. Kh2 Bg5 26. Be5 Rc6 27. Rfc1 Be6 28. Rb7 Be7 29. Qd2 Bf8 30.
Ne2 Rc4 31. Nf4 $18 Bf7 32. Rcb1 g5 33. Qe2 $1 Qe8 (33... gxf4 $4 34. Qg4+ Bg6
35. Qe6+ $18) 34. Qg4 h6 35. Qf5 Rc6 36. Nxd5 1-0